LEADER 01496nam a2200289 4500 001 000000354682 003 CaOOAMICUS 005 20230721111131.0 008 230721s2022 gw a 000 u eng r 020 $a978-3-16-161174-2 040 $aSeMil$bita 100 1 $aRothschild, Clare K.,$d<1964- >.$0(OLS)http://semarc/name/66950 245 14$aThe Muratorian fragment :$btext, translation, commentary /$cClare K. Rothschild. 264 1$aTübingen :$bMohr Siebeck,$c2022. 300 $aXX, 462 p. :$bill., facs. (color.) ;$c23 cm 490 1 $aStudien und Texte zu Antike und Christentum = Studies and texts in antiquity and Christianity ;$v132 504 $aBibliography, p. [409]-438 650 4$aMilano - Biblioteca Ambrosiana - Manoscritti - Ms. I 101 up.$0(OLS)http://semarc/subject/54056 650 4$aCanone muratoriano.$0(OLS)http://semarc/subject/54057 650 4$aBibbia - NT - Canone.$0(OLS)http://semarc/subject/54058 830 0$aStudien und Texte zu Antike und Christentum = Studies and texts in antiquity and Christianity ;$v132.$0(OLS)http://semarc/title/438545 850 $aSeMil 852 $aSeMil$W1$xVenegono$y1$m2T V 30$j242337$B245976$CSeMilBibl$Z2$F245976 $81 996 $6020$a978-3-16-161174-2$9(OLS)http://semarc/number/298520 996 $6245$aThe Muratorian fragment :$btext, translation, commentary$9(OLS)http://semarc/title/444822 996 $6264$aTübingen :$bMohr Siebeck$9(OLS)http://semarc/publisher/30329 LEADER 00797nam a2200229 i 4500 001 000000092806 003 CaOOAMICUS 005 20180830150128.0 008 180830s1961 xx u000 u und u 013 $a65048 020 $a88-425- 040 $aSeMil$bita 100 1 $aCostanzo, Mario <1925->.$0(OLS)http://semarc/name/6438 245 10$aGiovanni Boine. 260 $aMilano :$bMursia,$c1961. 300 $a114 p. 600 14$aBoine, Giovanni <1887-1917>.$0(OLS)http://semarc/subject/11369 850 $aSeMil 852 $aSeMil$W1$xVenegono$y1$m58 23 1 *$j55637$B55637$CSeMilBibl$Z2$F60407 $81 996 $6020$a88-425-$9(OLS)http://semarc/number/73027 996 $6245$aGiovanni Boine$9(OLS)http://semarc/title/86839 996 $6260$aMilano :$bMursia$9(OLS)http://semarc/publisher/30230